Представление документа в формате MARC21

Поле Инд. ПП Название Значение
Тип записи a
Библиографический уровень m
001 Контрольный номер b561c667-fdfd-447e-aa85-6df88271b1d0
005 Дата корректировки 20190320115210.3
008 Кодируемые данные 081224
020 a ISBN 5-91129-022-7
c Цена, тираж 300.00
040 a Служба первич. каталог. НБ ТвГУ
041 0_ a Код языка текста rus
h Код языка оригинала eng
080 a Индекс УДК 32.01(091)
084 a Индекс другой классификации/Индекс ББК Ф1(0)6
090 x Авторский знак П50
a Полочн. индекс Ф1(0)6
245 10 a Заглавие Политическая теория в XX веке
b Продолж. заглавия сборник статей : [переводы с английского]
c Ответственность под ред. Александра Павлова
260 0_ a Место издания Москва
b Издательство Территория будущего
c Дата издания 2008
300 a Объем 414, [1] с.
c Размеры 25 см
440 _0 a Серия Университетская библиотека Александра Погорельского
a Серия Социология. Политология
504 a Библиография Библиогр. в подстроч. примеч.
583 a Действие Получение впервые 329 24.12.2008
k Исполнитель действия Дар ООО "ИнвестКонсалт"
650 04 a Основная рубрика Политические учения
x Основная подрубрика История
y Хронологическая подрубрика 20 в.
653 0_ a Ключевые слова История политических учений
a Ключевые слова Политическая теория
a Ключевые слова Политические учения
a Ключевые слова Сборники
700 1_ a Другие авторы Павлов Александр
e Роль лиц ред.
700 1_ a Другие авторы Анашвили В. В.
e Роль лиц сост. сер.
700 1_ a Другие авторы Погорельский Александр Л.
e Роль лиц ред. сер.
852 41 t Порядковый номер экземпляра 1
863 t 00186471
888 a Бесплатные
901 t Тип документа m
920 a Оператор Поля
a Оператор Стро
930 a Новая/Ретро сборники
952 c Вид литературы К рн
954 a Дата поступления на обработку 20090224
c Дата окончания ОНО 20190320
999 a Подразделение 2 ч.з.